Statistiques concernant Dupond et Dupont dans toutes les langues

Cliquez ici pour prendre le quiz!

Statistiques générales

  • Ce quiz a été pris 30 fois
  • Le résultat moyen est 7 sur 16

Statistiques - réponses

NomLangue% Correct
Thompspn et ThomsonAnglais
97%
Schulze et SchultzeAllemand
93%
Fernandez et HernandezEspagnol
93%
Samir et TamirArabe
87%
Jansen et JanssenNéerlandais
73%
Duben et DupengChinois
53%
Mac Grianna et Ô GriannaIrlandais
50%
Tajniak et JawniakPolonais
50%
Dyupon et DyuBonJaponais
47%
Claudio / ClaudiusLatin
33%
Ar Bras et Ar BrazBreton
20%
Skafti et SkaptiIslandais
20%
Buys et UysAfrikaans
7%
Morhan et MorandGallo
7%
Johnson et RonsonBengali
3%
Tsicerono et CitseronoEspéranto
3%

Distribution des résultats

Percentile par nombre de réponses

% des personnes avec chaque résultat

Votre développement - résultats

Vous n’avez pas pris ce quiz